Deväť dekád Miltona Friedmana "keď niekam vstúpi vláda, musíme si poriadne držať peňaženky," sarkasticky hovorí oslávenec

Bibliographic Details
Main Author: Žitňanský, Eduard, 1952-2022 (Author)
Format: Article
Language:Slovak
PhysicalDescription:Fotogr.
ISSN:1335-4620
Subjects:

MARC

LEADER 00000nab a2200000 a 4500
001 vtls000808338
003 SK-MaSNL
005 20260302150303.0
008 160321c2002 xo 0 slo
015 |a SNBRB2002/10-30595 
035 |a CLN000159993 
040 |a SNKBUCL  |b slo  |c SNKBUCL  |e AACR2 
041 0 |a slo 
044 |a xo  |c SK 
080 |a 33-051  |2 UDC-MRF-SK2 
080 |a 336.741.28  |2 UDC-MRF-SK2 
080 |a 330.834  |2 UDC-MRF-SK2 
080 |a 929 Friedman, Milton  |2 UDC-MRF-SK2 
100 1 |a Žitňanský, Eduard,  |d 1952-2022  |4 aut  |9 110414 
245 1 0 |a Deväť dekád Miltona Friedmana  |b "keď niekam vstúpi vláda, musíme si poriadne držať peňaženky," sarkasticky hovorí oslávenec  |c Eduard Žitňanský 
300 |b Fotogr. 
600 1 7 |a Friedman, Milton,  |d 1912-2006  |2 snkbucl  |9 23460 
650 0 7 |a teória peňažná  |2 snkbucl  |9 839703 
655 7 |a články z novín a časopisov  |2 snkbucl  |9 267496 
773 0 |x 1335-4620  |t Profit  |g Roč. [10], č. 30 (2002), s. 32-33 
850 |a Slovenská národná knižnica v Martine 
852 |a SNK  |b KIS3GCP 
958 |a BC 
958 |a US 
958 |a RBX 
999 |c 1356921  |d 1358851